| 000 | 00400 a2200145 4500 | ||
|---|---|---|---|
| 005 | 20250617124730.0 | ||
| 020 | _a0 408 70676 7 | ||
| 082 | _a519 MUL | ||
| 100 | _aMULHOLLAND, H. | ||
| 245 | _aFundamentals Of Statistics | ||
| 260 |
_aLondon, _bThe English Language Book Society, _c1968. |
||
| 300 |
_ax, 291p.: ill.; figure, graph, table. _bIndex. _c21cm. |
||
| 700 | _aJONES, C. R. | ||
| 942 |
_2ddc _cBKS |
||
| 999 |
_c4215 _d4215 |
||